[Event "VIII Floripa Chess Open 2022 - LIRA - mesa 1 a 205 - HOTEL FAIAL - 206 a 246"]
[Site "Lira Tênis Clube - Florianópolis/SC"]
[Date "2022.01.27"]
[Round "6"]
[Board "53"]
[White "Rodio, Julia Brunetto"]
[Black "Marcolino, Antonio Claudio H."]
[Result "1-0"]
[WhiteElo "1735"]
[BlackElo "2077"]
[PlyCount "0"]
[EventDate "2022.01.24"]
[EventRounds "10"]
[EventCountry "BRA"]

1. e4 c5 2. Nc3 e6 3. Nf3 a6 4. d4 cxd4 5. Nxd4 Qc7 6. Be2 Bb4 7. Qd3 Nf6 8. O-O Nc6 9. Nxc6 dxc6 10. f4 h5 11. Be3 Ng4 12. Bxg4 hxg4 13. Na4 b5 14. Bb6 Qe7 15. Rad1 Bb7 16. c3 Qh4 17. Qg3 Qxg3 18. hxg3 Be7 19. Nc5 Bc8 20. Nd3 f6 21. Bc5 a5 22. a3 Rh5 23. b4 g6 24. e5 f5 25. Bxe7 Kxe7 26. Nc5 Ra7 27. Rd6 Rc7 28. Rfd1 Rh8 29. bxa5 Re8 30. a6 Kf7 31. Kf2 Rh8 32. Rd8 Rxd8 33. Rxd8 Bxa6 34. Nxa6 Ra7 35. Nc5 Rxa3 36. Rd7+ Ke8 37. Rd3 Ra2+ 38. Kf1 Ke7 39. Rd7+ Ke8 40. Rd6 Rc2 41. Rxc6 Rxc3 42. Rxe6+ Kf7 43. Rf6+ Ke7 44. Na6 Ra3 45. Rxg6 Ra1+ 46. Kf2 Ra2+ 47. Kg1 Kf7 48. Rf6+ Ke7 49. Nb4 Rb2 50. Nd5+ Kd7 51. Rd6+ Kc8 52. e6 Re2 53. e7 b4 54. Rd8+  1-0

[Event "VIII Floripa Chess Open 2022 - LIRA - mesa 1 a 205 - HOTEL FAIAL - 206 a 246"]
[Site "Lira Tênis Clube - Florianópolis/SC"]
[Date "2022.01.27"]
[Round "6"]
[Board "54"]
[White "Martins, Anderson Donay"]
[Black "Lima, Stefan Moisei Vieira"]
[Result "1-0"]
[WhiteElo "2072"]
[BlackElo "1682"]
[PlyCount "0"]
[EventDate "2022.01.24"]
[EventRounds "10"]
[EventCountry "BRA"]

1. e4 e5 2. f4 exf4 3. Bc4 d5 4. Bxd5 Nf6 5. Nc3 c6 6. Bb3 Bc5 7. Nf3 Bg4 8. Bxf7+ Kxf7 9. Ne5+ Ke7 10. Nxg4 Qd4 11. d3 g5 12. Ne2 Qd8 13. Nxf6 Kxf6 14. d4 Bb6 15. O-O Kg7 16. c3 Rf8 17. h4 h6 18. Bxf4 gxf4 19. Nxf4 Qe8 20. Qg4+ Kh7 21. Nh5 Rxf1+ 22. Rxf1 Qg6 23. Nf6+ Kg7 24. Qc8 Qf7 25. Nh5+  1-0

[Event "VIII Floripa Chess Open 2022 - LIRA - mesa 1 a 205 - HOTEL FAIAL - 206 a 246"]
[Site "Lira Tênis Clube - Florianópolis/SC"]
[Date "2022.01.27"]
[Round "6"]
[Board "55"]
[White "Zaak Saraiva, Victor Romario Alves"]
[Black "Marcolino, Daniel Mattos"]
[Result "1/2-1/2"]
[WhiteElo "1648"]
[BlackElo "2068"]
[PlyCount "0"]
[EventDate "2022.01.24"]
[EventRounds "10"]
[EventCountry "BRA"]

1. e4 c6 2. Nf3 d5 3. exd5 cxd5 4. Ne5 Nf6 5. d4 g6 6. Be3 Bg7 7. Be2 O-O 8. Qd2 Ne4 9. Qd3 Qa5+ 10. Nc3 Nxc3 11. Qxc3 Qxc3+ 12. bxc3 Nd7 13. Nxd7 Bxd7 14. O-O-O Rfc8 15. c4 dxc4 16. g4 e6 17. h4 Bc6 18. Rh3 Bd5 19. g5 Rc6 20. c3 b5 21. h5 a5 22. hxg6 hxg6 23. Bf4 b4 24. Be5 Bxe5 25. dxe5 Kg7 26. Bf3 Bxf3 27. Rxf3 Rc7 28. Rh1 Rh8 29. Rxh8 Kxh8 30. Re3 Kg7 31. Kc2 Kf8 32. Re4 Ke7 33. Rd4 Rc8 34. f4 Rc5 35. Kb2 Rd5 36. Rxc4 Rd2+ 37. Kb3 bxc3 38. Rc7+ Ke8 39. Rxc3 a4+ 40. Kxa4 Rxa2+ 41. Kb5 Kd7 42. Rc4 Rb2+ 43. Ka6 Rb1 44. Ka7 Rb5 45. Ka6 Rb8 46. Ka7 Rb1 47. Ka6 Ra1+ 48. Kb7 Ra5 49. Rc7+ Ke8 50. Rc8+ Ke7 51. Rc7+ Kf8 52. Rc8+ Kg7 53. Rc4 Kf8  1/2-1/2

[Event "VIII Floripa Chess Open 2022 - LIRA - mesa 1 a 205 - HOTEL FAIAL - 206 a 246"]
[Site "Lira Tênis Clube - Florianópolis/SC"]
[Date "2022.01.27"]
[Round "6"]
[Board "56"]
[White "Usui, Gabriella Yumi"]
[Black "Souza, Iago Henrique Da Silva"]
[Result "0-1"]
[WhiteElo "1345"]
[BlackElo "2058"]
[PlyCount "0"]
[EventDate "2022.01.24"]
[EventRounds "10"]
[EventCountry "BRA"]

1. d4 Nf6 2. Nf3 d5 3. c4 e6 4. g3 c6 5. Bg2 Nbd7 6. O-O Bd6 7. b3 O-O 8. Bb2 Qe7 9. Ne5 c5 10. Nxd7 Bxd7 11. cxd5 exd5 12. dxc5 Bxc5 13. Nc3 d4 14. Nd5 Nxd5 15. Bxd5 Bh3 16. Bg2 Bxg2 17. Kxg2 Rfe8 18. Kg1 Rad8 19. Qc1 Bb6 20. Re1 Qe6 21. b4 Qh3 22. Qd2 Re6 23. Qf4 Rh6 24. g4 Rg6 25. f3 h5 26. Qg3 hxg4 27. Qxh3 gxh3+ 28. Kh1 Rg2 29. Bc1 Re8 30. a3 Rexe2 31. Bf4 d3 32. a4 Bd4 33. Rad1 Rxe1+ 34. Rxe1 d2 35. Rd1 Bc3 36. Bd6 Re2 37. Bg3 Re1+ 38. Bxe1 dxe1=Q+ 39. Rxe1 Bxe1  0-1

[Event "VIII Floripa Chess Open 2022 - LIRA - mesa 1 a 205 - HOTEL FAIAL - 206 a 246"]
[Site "Lira Tênis Clube - Florianópolis/SC"]
[Date "2022.01.27"]
[Round "6"]
[Board "57"]
[White "Florianovitz, Derlei Alex"]
[Black "Da Silva, Luiz Matheus"]
[Result "1-0"]
[WhiteElo "2040"]
[BlackElo "1815"]
[PlyCount "0"]
[EventDate "2022.01.24"]
[EventRounds "10"]
[EventCountry "BRA"]

1. e4 c5 2. Nf3 g6 3. d4 cxd4 4. Nxd4 Nc6 5. c4 Bg7 6. Be3 Nf6 7. Nc3 d6 8. Be2 Nxd4 9. Bxd4 O-O 10. O-O Bd7 11. f4 Qa5 12. e5 dxe5 13. fxe5 Ne8 14. Nd5 e6 15. b4 Qd8 16. Nf6+ Nxf6 17. exf6 Bh6 18. Qe1 Re8 19. Qh4 Bf8 20. Rad1 Qc7 21. Kh1 e5 22. Bc5 Bxc5 23. bxc5 Qxc5 24. Rxd7 Qe3 25. Rxf7 Kxf7 26. Qxh7+ Ke6 27. Bg4+ Kd6 28. Qd7+ Kc5 29. Qd5+ Kb4 30. Rb1+  1-0

[Event "VIII Floripa Chess Open 2022 - LIRA - mesa 1 a 205 - HOTEL FAIAL - 206 a 246"]
[Site "Lira Tênis Clube - Florianópolis/SC"]
[Date "2022.01.27"]
[Round "6"]
[Board "58"]
[White "Terao, Juliana Sayumi"]
[Black "Bail, Ellen Larissa"]
[Result "1-0"]
[WhiteElo "2257"]
[BlackElo "1864"]
[PlyCount "0"]
[EventDate "2022.01.24"]
[EventRounds "10"]
[EventCountry "BRA"]

1. e4 e6 2. d4 d5 3. Nd2 Nc6 4. Ngf3 Nf6 5. e5 Nd7 6. Be2 f6 7. exf6 Qxf6 8. Nf1 Bd6 9. Ne3 O-O 10. O-O Qg6 11. c4 Nf6 12. c5 Be7 13. Bb5 Bd7 14. a4 a5 15. Bxc6 Bxc6 16. Ne5 Qe8 17. Qc2 Rc8 18. Bd2 b6 19. f3 h5 20. Rfe1 Nh7 21. Nd1 Bh4 22. Nf2 Bxf2+ 23. Kxf2 Rf5 24. b3 Bb7 25. Kg1 Ba6 26. Re3 Nf8 27. Rc3 b5 28. axb5 Qxb5 29. Re3 c6 30. Ree1 h4 31. Rxa5 Qb7 32. Rea1 Bb5 33. Ra7 Qb8 34. Qc3 Re8 35. g4 hxg3 36. hxg3 Rh5 37. g4 Rh7 38. Bf4 g5 39. Rxh7 Nxh7 40. Qc2 Nf8 41. Bxg5 Qb7 42. Kg2 Ra8 43. Rxa8 Qxa8 44. Bh6 Qa1 45. Bxf8 Qf1+ 46. Kg3 Kxf8 47. Qd2 Qg1+ 48. Kf4 Ke7 49. Kg5 Qh1 50. Qf4 Qh7 51. Ng6+ Kd8 52. Qb8+  1-0

[Event "VIII Floripa Chess Open 2022 - LIRA - mesa 1 a 205 - HOTEL FAIAL - 206 a 246"]
[Site "Lira Tênis Clube - Florianópolis/SC"]
[Date "2022.01.27"]
[Round "6"]
[Board "59"]
[White "Menna Barreto, Luiz Ney"]
[Black "Correa, Joao Pedro Vieira"]
[Result "1/2-1/2"]
[WhiteElo "2254"]
[BlackElo "1864"]
[PlyCount "0"]
[EventDate "2022.01.24"]
[EventRounds "10"]
[EventCountry "BRA"]

1. Nf3 Nf6 2. c4 e6 3. g3 b6 4. Bg2 Bb7 5. O-O Be7 6. b3 O-O 7. Bb2 d5 8. Ne5 Qc8 9. d4 dxc4 10. Nxc4 Bxg2 11. Kxg2 Qb7+ 12. Kg1 Rd8 13. Nbd2 Na6 14. e3 c5 15. Qf3 Qxf3 16. Nxf3 Rac8 17. Rfd1 Ne4 18. Nfd2 Nxd2 19. Rxd2 cxd4 20. Rxd4  1/2-1/2

[Event "VIII Floripa Chess Open 2022 - LIRA - mesa 1 a 205 - HOTEL FAIAL - 206 a 246"]
[Site "Lira Tênis Clube - Florianópolis/SC"]
[Date "2022.01.27"]
[Round "6"]
[Board "60"]
[White "Pereira, Silvio Cunha"]
[Black "Felix, Raimundo Nascimento"]
[Result "0-1"]
[WhiteElo "2217"]
[BlackElo "1849"]
[PlyCount "0"]
[EventDate "2022.01.24"]
[EventRounds "10"]
[EventCountry "BRA"]

1. e4 e5 2. Nf3 Nf6 3. Nxe5 d6 4. Nf3 Nxe4 5. d3 Nf6 6. d4 d5 7. Bd3 Bd6 8. O-O O-O 9. h3 Re8 10. Re1 Rxe1+ 11. Qxe1 Nbd7 12. Nc3 c6 13. Bd2 Nf8 14. Nd1 Bd7 15. Ne5 Be6 16. f4 Qb6 17. c3 Re8 18. b4 Bc8 19. Ne3 Ng6 20. Qf1 Ne4 21. Bxe4 dxe4 22. Re1 Qd8 23. N3c4 Bc7 24. Be3 Ne7 25. Nd2 Nd5 26. Nb1 Qh4 27. Bd2 f6 28. c4 fxe5 29. dxe5 Bb6+ 30. c5 Bc7 31. Rxe4 Bf5 32. Re1 Qg3 33. Qf2 Qxf2+ 34. Kxf2 Bxb1 35. Rxb1 g5 36. g3 Rf8 37. Rg1 Bxe5 38. Kf3 Bd4 39. Rg2 Bg7 40. Re2 gxf4 41. gxf4 Kf7 42. a3 Bb2 43. a4 Ba3 44. Re4 Re8 45. Rc4 Kf6 46. b5 Kf5 47. bxc6 bxc6 48. a5 Rb8  0-1

[Event "VIII Floripa Chess Open 2022 - LIRA - mesa 1 a 205 - HOTEL FAIAL - 206 a 246"]
[Site "Lira Tênis Clube - Florianópolis/SC"]
[Date "2022.01.27"]
[Round "6"]
[Board "61"]
[White "Brito, Luismar"]
[Black "Da Silva, Vinicius R. Rodrigues"]
[Result "1-0"]
[WhiteElo "2215"]
[BlackElo "1846"]
[PlyCount "0"]
[EventDate "2022.01.24"]
[EventRounds "10"]
[EventCountry "BRA"]

1. Nc3 c5 2. Nf3 e6 3. e4 a6 4. a4 d6 5. d4 cxd4 6. Nxd4 Nf6 7. Be3 Be7 8. Be2 Qc7 9. O-O O-O 10. f4 Nbd7 11. Qe1 b6 12. Kh1 Bb7 13. Bd3 Nc5 14. Bg1 Nxd3 15. cxd3 Rac8 16. Qg3 Rfe8 17. Nf3 d5 18. e5 Nd7 19. Rac1 Qb8 20. Nd4 Bf8 21. Rce1 g6 22. Rf3 Bc6 23. f5 exf5 24. Nxc6 Rxc6 25. d4 Nf6 26. Rxf5 Rxc3 27. bxc3 Ne4 28. Qg4 Nxc3 29. Ref1 Qc8 30. h3 h5 31. Qh4 gxf5 32. Qxh5 Ne4 33. Kh2 Qe6 34. Rxf5 Qg6 35. Qf3 Rc8 36. Rxf7 Qxf7 37. Qg4+ Qg7 38. Qe6+ Kh7 39. Qxc8 a5 40. Qf5+ Qg6 41. Qxf8  1-0

[Event "VIII Floripa Chess Open 2022 - LIRA - mesa 1 a 205 - HOTEL FAIAL - 206 a 246"]
[Site "Lira Tênis Clube - Florianópolis/SC"]
[Date "2022.01.27"]
[Round "6"]
[Board "62"]
[White "Torres, Federico"]
[Black "Borges, Lucas Silvestre"]
[Result "1-0"]
[WhiteElo "2170"]
[BlackElo "1841"]
[PlyCount "0"]
[EventDate "2022.01.24"]
[EventRounds "10"]
[EventCountry "BRA"]

1. e4 c5 2. Nf3 d6 3. g3 Nc6 4. Bg2 g6 5. O-O Bg4 6. h3 Bxf3 7. Qxf3 Bg7 8. c3 Nf6 9. Rd1 Nd7 10. Na3 O-O 11. Qe2 Rb8 12. f4 a6 13. Nc2 Qc7 14. d4 b5 15. e5 cxd4 16. cxd4 Nb6 17. b3 Rfc8 18. Bb2 e6 19. Rac1 d5 20. Ba3 Bf8 21. Bxf8 Kxf8 22. f5 gxf5 23. Qh5 Qe7 24. Qxh7 Ke8 25. Ne1 Nb4 26. Ra1 Kd7 27. Qh6 Nc2 28. Rac1 Nxe1 29. Rxe1 Rxc1 30. Rxc1 Rc8 31. Rxc8 Kxc8 32. h4 Nd7 33. h5 f6 34. Qh8+ Qf8 35. Qxf8+ Nxf8 36. Bf1 fxe5 37. dxe5 Kd8 38. g4 fxg4 39. Bd3 Ke7 40. Kg2 Kf7 41. Kg3 Kg7 42. Kxg4 Kh6 43. Be2 Nd7 44. Kf4 Kg7 45. Bg4 Nf8 46. Ke3 Kh6 47. Kd4 Kg5 48. Bf3 Nd7 49. b4 Kf5 50. Bxd5 Nxe5 51. Be4+ Kf6 52. h6 Nc4 53. a4 Nd6 54. a5 e5+ 55. Kd5 Nc4 56. Bd3 Nb2 57. Bb1 Na4 58. h7 Kg7 59. Bd3 Nc3+ 60. Kc5 e4 61. Bxe4 Nxe4+ 62. Kb6 Kxh7 63. Kxa6 Nd6 64. Kb6 Kg7 65. a6 Kf7 66. Kc7 Ke6 67. a7 Ne8+ 68. Kc6  1-0

[Event "VIII Floripa Chess Open 2022 - LIRA - mesa 1 a 205 - HOTEL FAIAL - 206 a 246"]
[Site "Lira Tênis Clube - Florianópolis/SC"]
[Date "2022.01.27"]
[Round "6"]
[Board "63"]
[White "Lazzarotto, Marcio"]
[Black "Cordeiro, Marco Aurelio Zaror"]
[Result "0-1"]
[WhiteElo "1864"]
[BlackElo "2165"]
[PlyCount "0"]
[EventDate "2022.01.24"]
[EventRounds "10"]
[EventCountry "BRA"]

1. d4 c5 2. d5 f5 3. e4 fxe4 4. Nc3 Nf6 5. Bg5 g6 6. f3 e3 7. Qd3 Bg7 8. Qxe3 d6 9. Bb5+ Nbd7 10. Nh3 O-O 11. Bh6 Ne5 12. Bxg7 Kxg7 13. Nf4 a6 14. Be2 b5 15. O-O Qe8 16. Ne4 Nxe4 17. fxe4 e6 18. Rad1 Qe7 19. h3 Bd7 20. Bg4 Nxg4 21. hxg4 e5 22. Nd3 Bxg4 23. Rde1 Bd7 24. Qg3 b4 25. c4 bxc3 26. bxc3 Bb5 27. Rxf8 Rxf8 28. Nf2 Qf6 29. Ng4 Qg5 30. Qh3 Bd7  0-1

[Event "VIII Floripa Chess Open 2022 - LIRA - mesa 1 a 205 - HOTEL FAIAL - 206 a 246"]
[Site "Lira Tênis Clube - Florianópolis/SC"]
[Date "2022.01.27"]
[Round "6"]
[Board "64"]
[White "Do Nascimento, Christian Almeida"]
[Black "Da Rosa, Henrique Jaze Simoes"]
[Result "1-0"]
[WhiteElo "2120"]
[BlackElo "1824"]
[PlyCount "0"]
[EventDate "2022.01.24"]
[EventRounds "10"]
[EventCountry "BRA"]

1. d4 d5 2. e3 Nf6 3. Bd3 e6 4. f4 c5 5. c3 Nc6 6. Nf3 Be7 7. Nbd2 O-O 8. Ne5 Qc7 9. O-O b6 10. Rf3 Bb7 11. Rh3 g6 12. Qf3 Nxe5 13. fxe5 Ne8 14. Qf4 f5 15. Nf3 Qd8 16. Rg3 Rf7 17. h4 Rg7 18. Bd2 h5 19. Rf1 Nc7 20. b3 Ba6 21. c4 b5 22. cxd5 Nxd5 23. Qh6 Qe8 24. e4 f4 25. Bxf4 Nxf4 26. Qxf4 cxd4 27. Qh6 Rc8 28. Ng5 Bxg5 29. Rxg5 Rc3 30. Rf6  1-0

[Event "VIII Floripa Chess Open 2022 - LIRA - mesa 1 a 205 - HOTEL FAIAL - 206 a 246"]
[Site "Lira Tênis Clube - Florianópolis/SC"]
[Date "2022.01.27"]
[Round "6"]
[Board "65"]
[White "Feller, Gabriela Luisa Vicente"]
[Black "Souza, Rafael Cabral De"]
[Result "0-1"]
[WhiteElo "1864"]
[BlackElo "2119"]
[PlyCount "0"]
[EventDate "2022.01.24"]
[EventRounds "10"]
[EventCountry "BRA"]

1. d4 Nf6 2. c4 a6 3. Nf3 c5 4. d5 b5 5. e3 g6 6. b3 Bg7 7. Bb2 O-O 8. Nbd2 d6 9. Qc2 Bf5 10. Qc1 Qa5 11. Be2 Ne4 12. Bxg7 Kxg7 13. Nh4 Bc8 14. Qb2+ Qc3 15. Qxc3+ Nxc3 16. Bd3 Nd7 17. Ne4 bxc4 18. Nxc3 cxd3 19. Kd2 f5 20. Kxd3 Bb7 21. Rhd1 Rac8 22. Nf3 h6 23. Ke2 Nf6 24. Rac1 a5 25. Ne1 c4 26. f3 cxb3 27. axb3 Rc5 28. Nd3 Ba6 29. Kd2 Bxd3 30. Kxd3 Rfc8 31. e4 fxe4+ 32. fxe4 Nxe4 33. Kxe4 Rxc3 34. Rxc3 Rxc3 35. Rd3 Rc2 36. Rg3 Rf2 37. Kd4 Rf4+ 38. Kc3 g5 39. Re3 Kf7 40. Rh3 Rf6 41. Kc4 g4 42. Rh4 Rf4+ 43. Kb5 Rd4 44. Kxa5 Rxd5+ 45. Kb6 h5 46. b4 Ke8 47. b5 Kd7 48. h3 Rg5 49. hxg4 hxg4 50. Rh1 Re5 51. Ra1 Re2 52. Ra7+ Kc8 53. Ra8+ Kd7 54. Ra7+ Ke6 55. Kc7 Rxg2 56. Kd8 Rb2 57. Rxe7+ Kd5 58. Rg7 Rxb5 59. Rxg4 Rb7 60. Kc8 Rh7 61. Ra4 Ke5 62. Kd8 d5 63. Ra5 Ke4 64. Ra6 d4 65. Rd6 d3 66. Ke8 Ke3 67. Re6+ Kf2  0-1

[Event "VIII Floripa Chess Open 2022 - LIRA - mesa 1 a 205 - HOTEL FAIAL - 206 a 246"]
[Site "Lira Tênis Clube - Florianópolis/SC"]
[Date "2022.01.27"]
[Round "6"]
[Board "66"]
[White "Rodrigues, Nei Jorge"]
[Black "Dianda, Joao Carlos"]
[Result "1/2-1/2"]
[WhiteElo "1858"]
[BlackElo "2117"]
[PlyCount "0"]
[EventDate "2022.01.24"]
[EventRounds "10"]
[EventCountry "BRA"]

1. d4 Nf6 2. Nf3 g6 3. Bf4 Bg7 4. e3 O-O 5. Be2 d6 6. h3 Nfd7 7. Nbd2 Nc6 8. Bh2 e5 9. c3 f5 10. h4 Qe7 11. Qb3+ Kh8 12. dxe5 Ndxe5 13. Bf4 Be6 14. Qc2 h6 15. h5 g5 16. Bg3 f4 17. Bh2 fxe3 18. fxe3 Ng4 19. Bg1 Rae8 20. O-O-O Qf7 21. Bb5 a6 22. Bd3 Nce5 23. Nxe5 Nxe5 24. Be2 Bf5 25. e4 Be6 26. Rf1 Qd7 27. Be3 Qc6 28. Bd4 Qd7 29. Nf3 c5 30. Nxe5 Bxe5 31. Bxe5+ dxe5 32. b3 Kg7 33. Qd2 Qxd2+ 34. Kxd2 Rxf1 35. Rxf1 Rf8 36. Rxf8 Kxf8 37. g4 Ke7 38. c4 Kd6 39. Kc3 Kc6 40. Bd1 Kb6 41. a3 Bd7 42. Be2 Ka5 43. Bd1 Be6 44. Be2 b5 45. cxb5 axb5 46. Bd1 b4+ 47. axb4+ cxb4+ 48. Kd2 Kb6 49. Kd3 Kc5 50. Ke3 Bc8 51. Be2 Bd7 52. Bd1 Bb5 53. Bc2 Bd7 54. Bd1 Be6 55. Kd3 Kb5 56. Ke3 Kb6 57. Kd3 Kc5 58. Ke3  1/2-1/2

[Event "VIII Floripa Chess Open 2022 - LIRA - mesa 1 a 205 - HOTEL FAIAL - 206 a 246"]
[Site "Lira Tênis Clube - Florianópolis/SC"]
[Date "2022.01.27"]
[Round "6"]
[Board "67"]
[White "Dias, Marcelo De Souza"]
[Black "Souza Neves, Andrey M."]
[Result "0-1"]
[WhiteElo "1840"]
[BlackElo "2107"]
[PlyCount "0"]
[EventDate "2022.01.24"]
[EventRounds "10"]
[EventCountry "BRA"]

1. Nf3 d5 2. c4 e6 3. g3 Nf6 4. Bg2 Nbd7 5. cxd5 exd5 6. O-O Bd6 7. d4 O-O 8. Nc3 c6 9. Bg5 Re8 10. Qb3 h6 11. Bxf6 Nxf6 12. e3 Qb6 13. Qxb6 axb6 14. Nd2 Bf5 15. Rfe1 Bb4 16. f3 Bd3 17. e4 Bxc3 18. bxc3 Ra3 19. e5 Nd7 20. Bh3 Nf8 21. Nb1 Ra5 22. Bf1 Bxf1 23. Kxf1 Rea8 24. a3 Rb5 25. Re2 Rb3 26. Ke1 c5 27. dxc5 bxc5 28. Kd1 Ne6 29. Kc1 c4 30. Rd2 Rd8 31. f4 Nc5 32. a4 g5 33. Kc2 Ne4 34. Rd4 gxf4 35. gxf4 Kh7 36. Ra3 Rg8 37. Rxb3 Rg2+ 38. Kc1 cxb3 39. Rb4 Rc2+ 40. Kd1 Nf2+ 41. Ke1 Nd3+  0-1

[Event "VIII Floripa Chess Open 2022 - LIRA - mesa 1 a 205 - HOTEL FAIAL - 206 a 246"]
[Site "Lira Tênis Clube - Florianópolis/SC"]
[Date "2022.01.27"]
[Round "6"]
[Board "68"]
[White "Dias, Anderson Tatsch"]
[Black "De Oliveira, Marlon Joshua"]
[Result "1-0"]
[WhiteElo "2102"]
[BlackElo "1824"]
[PlyCount "0"]
[EventDate "2022.01.24"]
[EventRounds "10"]
[EventCountry "BRA"]

1. d4 Nf6 2. c4 c5 3. d5 e6 4. Nc3 exd5 5. cxd5 d6 6. e4 g6 7. f4 Bg7 8. Bb5+ Bd7 9. e5 dxe5 10. fxe5 Nh5 11. Nf3 O-O 12. O-O Bxb5 13. Nxb5 Qd7 14. Nc3 Na6 15. Qb3 Rfe8 16. Ng5 Bxe5 17. Nxf7 Bd4+ 18. Kh1 Rf8 19. Nh6+ Kg7 20. Bg5 Bf6 21. Bd2 Bd4 22. Ne4 Nf6 23. Nxf6 Bxf6 24. Ng4 Qxg4 25. Qxb7+ Kg8 26. Qxa6 Bxb2 27. Rab1 Be5 28. Be3 Qe4 29. Qe6+ Kh8 30. Bxc5 Rfe8 31. Rbe1 Qc4 32. Be7 Bg7 33. d6 Qxe6 34. Rxe6 Bf8 35. Bf6+ Bg7 36. Rxe8+ Rxe8 37. d7  1-0

[Event "VIII Floripa Chess Open 2022 - LIRA - mesa 1 a 205 - HOTEL FAIAL - 206 a 246"]
[Site "Lira Tênis Clube - Florianópolis/SC"]
[Date "2022.01.27"]
[Round "6"]
[Board "69"]
[White "Pereira, Geanfrancesco"]
[Black "Backes, Jorge Henrique"]
[Result "1-0"]
[WhiteElo "2100"]
[BlackElo "1821"]
[PlyCount "0"]
[EventDate "2022.01.24"]
[EventRounds "10"]
[EventCountry "BRA"]

1. e4 d6 2. Nc3 Nf6 3. f4 g6 4. Nf3 Bg7 5. Bc4 O-O 6. O-O Nxe4 7. Nxe4 d5 8. Bd3 dxe4 9. Bxe4 c5 10. c3 Nc6 11. d3 Qb6 12. Qb3 Nb4 13. Qd1 f5 14. cxb4 fxe4 15. dxe4 cxb4+ 16. Kh1 Be6 17. e5 Bh6 18. Qe1 Bxf4 19. Qh4 Bxe5 20. Bh6 Bf6 21. Ng5 Qb5 22. Qe1 Bc4 23. Rxf6 exf6 24. Qe7 Rf7 25. Nxf7 Qe8 26. Qxe8+ Rxe8 27. Nd6  1-0

[Event "VIII Floripa Chess Open 2022 - LIRA - mesa 1 a 205 - HOTEL FAIAL - 206 a 246"]
[Site "Lira Tênis Clube - Florianópolis/SC"]
[Date "2022.01.27"]
[Round "6"]
[Board "70"]
[White "Baeta, Marcio Netto"]
[Black "Mazetto, Sergio Luiz"]
[Result "1/2-1/2"]
[WhiteElo "1831"]
[BlackElo "2084"]
[PlyCount "0"]
[EventDate "2022.01.24"]
[EventRounds "10"]
[EventCountry "BRA"]

1. Nf3 d5 2. d4 Bf5 3. g3 Nf6 4. Bg2 e6 5. O-O Nbd7 6. c4 c6 7. Qb3 Qb6 8. Nc3 dxc4 9. Qxc4 h6 10. a3 Bd6 11. Na4 Qc7 12. Nc5 O-O 13. b4 b5 14. Qb3 Nb6 15. Nd2 e5 16. Bb2 Rad8 17. e4 Bg4 18. f3 Bc8 19. f4 Bxc5 20. bxc5 Nc4 21. Nxc4 bxc4 22. Qxc4 exd4 23. Bxd4 Ba6 24. Qc3 Bxf1 25. Rxf1 Qe7 26. Be5 Rfe8 27. Bd6  1/2-1/2

[Event "VIII Floripa Chess Open 2022 - LIRA - mesa 1 a 205 - HOTEL FAIAL - 206 a 246"]
[Site "Lira Tênis Clube - Florianópolis/SC"]
[Date "2022.01.27"]
[Round "6"]
[Board "71"]
[White "Souza Dos Santos, Matheus Garcett"]
[Black "Dos Santos, Dwlyan Silva"]
[Result "1-0"]
[WhiteElo "2054"]
[BlackElo "1808"]
[PlyCount "0"]
[EventDate "2022.01.24"]
[EventRounds "10"]
[EventCountry "BRA"]

1. e4 c5 2. Nf3 e6 3. d4 cxd4 4. Nxd4 a6 5. Bd3 Qc7 6. Qe2 d6 7. O-O Nf6 8. c4 Be7 9. Nc3 Nbd7 10. f4 Qc5 11. Be3 Qh5 12. Rf3 Nc5 13. Bc2 e5 14. fxe5 dxe5 15. Nf5 Bxf5 16. exf5 O-O 17. Re1 Rad8 18. Qf1 b5 19. Nd5 Nxd5 20. cxd5 f6 21. Qf2 Nd7 22. Rh3 Qf7  1-0

[Event "VIII Floripa Chess Open 2022 - LIRA - mesa 1 a 205 - HOTEL FAIAL - 206 a 246"]
[Site "Lira Tênis Clube - Florianópolis/SC"]
[Date "2022.01.27"]
[Round "6"]
[Board "72"]
[White "Quiroga, Angel"]
[Black "Lutz, Igor Oscar"]
[Result "1/2-1/2"]
[WhiteElo "1837"]
[BlackElo "2044"]
[PlyCount "0"]
[EventDate "2022.01.24"]
[EventRounds "10"]
[EventCountry "BRA"]

1. d4 d5 2. c4 c6 3. Nc3 e6 4. Nf3 Nf6 5. Bg5 Nbd7 6. e3 Be7 7. Bd3 dxc4 8. Bxc4 b5 9. Bd3 Bb7 10. O-O h6 11. Bh4 O-O 12. Rc1 a6 13. Bxf6 Bxf6 14. Ne4 Be7 15. Nfd2 c5 16. dxc5 Nxc5 17. Nxc5 Bxc5 18. Be4 Bxe4 19. Nxe4 Bb6 20. Qf3 Rc8 21. h3 Qd5 22. Rxc8 Rxc8 23. Rd1 Qc6 24. Rd6 Qc1+ 25. Rd1 Qc6 26. Rd6 Qc1+ 27. Rd1 Qc7 28. g4 Rd8 29. Rxd8+ Qxd8 30. Ng3 a5 31. Qc6 b4 32. a3 bxa3 33. bxa3 Qc7 34. Qa8+ Kh7 35. Qe4+ g6 36. a4 Qd8 37. h4 Kg7 38. h5 g5 39. Kg2 Bc7 40. Ne2 Qd6 41. Nd4 Qb4 42. Nxe6+ fxe6 43. Qg6+ Kf8 44. Qxh6+ Ke7 45. Qxg5+ Kd7 46. Qg7+ Kc8 47. h6 Qe4+ 48. Kg1 Qb1+ 49. Kg2 Qe4+ 50. Kg1 Qb1+ 51. Kg2 Qe4+  1/2-1/2

[Event "VIII Floripa Chess Open 2022 - LIRA - mesa 1 a 205 - HOTEL FAIAL - 206 a 246"]
[Site "Lira Tênis Clube - Florianópolis/SC"]
[Date "2022.01.27"]
[Round "6"]
[Board "73"]
[White "Nunes, Agatha Hurba"]
[Black "De Arruda, Leandro Formes"]
[Result "1/2-1/2"]
[WhiteElo "1828"]
[BlackElo "2038"]
[PlyCount "0"]
[EventDate "2022.01.24"]
[EventRounds "10"]
[EventCountry "BRA"]

1. d4 d5 2. c4 e6 3. Nc3 Nf6 4. cxd5 exd5 5. Bg5 Be7 6. Qc2 O-O 7. e3 c6 8. Bd3 h6 9. Bh4 Re8 10. Nge2 Ne4 11. Bxe7 Qxe7 12. O-O Nd7 13. a3 Ndf6 14. b4 Ng4 15. Bxe4 dxe4 16. h3 Nf6 17. Na4 Nd5 18. Nec3 Qg5 19. Kh2 Nf6 20. Nc5 Qh4 21. Rh1 b6 22. Nb3 Ba6 23. a4 Rac8 24. Qb2 Bc4 25. g3 Qh5 26. Nd2 Bd3 27. a5 c5 28. dxc5 bxc5 29. b5 Qf5 30. Kg1 Rb8 31. b6 Qe6 32. Nb5 Qd7 33. Nxa7 Qxa7 34. Qxf6 Qxa5 35. Qxf7+ Kxf7 36. Rxa5 Rec8 37. Ra7+ Kf6 38. b7 Rc7 39. Nb3 Rbxb7 40. Rxb7 Rxb7 41. Nxc5 Rc7 42. Nb3 Be2 43. Nd4 Bd3 44. Kg2 h5 45. Ra1 g6 46. h4 Rc5 47. Rh1 Ba6 48. Ra1 Bc8 49. Rb1 Kf7 50. Ra1 Rc7  1/2-1/2

[Event "VIII Floripa Chess Open 2022 - LIRA - mesa 1 a 205 - HOTEL FAIAL - 206 a 246"]
[Site "Lira Tênis Clube - Florianópolis/SC"]
[Date "2022.01.27"]
[Round "6"]
[Board "74"]
[White "Jenidarchiche, Douglas Rodrigo"]
[Black "Campos, Alexandre Ferreira"]
[Result "0-1"]
[WhiteElo "1811"]
[BlackElo "2032"]
[PlyCount "0"]
[EventDate "2022.01.24"]
[EventRounds "10"]
[EventCountry "BRA"]

1. d4 f5 2. Bg5 Nf6 3. Bxf6 exf6 4. e3 d5 5. Bd3 Bd6 6. Nd2 Be6 7. h4 Qe7 8. h5 Nd7 9. Qf3 f4 10. O-O-O fxe3 11. Qxe3 O-O-O 12. Nh3 Bg4 13. Qxe7 Bxe7 14. Rde1 Bd6 15. h6 g6 16. f3 Bxh3 17. Rxh3 Rde8 18. Kd1 Rxe1+ 19. Kxe1 f5 20. g3 Nf6 21. Kf2 c5 22. Rh1 Re8 23. c4 cxd4 24. c5 Bf8 25. Bb5 Re6 26. Nb3 Kb8 27. Rh4 a6 28. Be2 Rc6 29. Rxd4 Rxc5 30. Bd3 Kc7 31. g4 fxg4 32. fxg4 g5 33. Bf5 Rc6 34. Rd3 Rc2+ 35. Ke3 Rxb2 36. Kd4 Kd6 37. Re3 Bxh6 38. Re6+ Kc7 39. Bxh7 Nxg4 40. Kxd5 Bf8 41. Bf5 Nf2 42. Re8 Ba3 43. Rg8 g4 44. Kc4 Bd6 45. a4 b5+ 46. axb5 axb5+ 47. Kd5 Rxb3 48. Rg7+ Kb6 49. Rg6 Ka5 50. Rxd6 g3 51. Rg6 Re3 52. Rg8 Kb4 53. Kd4 Rf3 54. Be6 Rf6 55. Bd5 Rf4+ 56. Ke3 Rg4 57. Rxg4+ Nxg4+ 58. Kf3 g2 59. Kxg2 Ne3+ 60. Kf3 Nxd5 61. Ke4 Kc4 62. Kf3 Kc3 63. Kf2 Kd3  0-1